Eastern Utah Libraries Catalog: Duchesne, Heber, Roosevelt, & Vernal

Why won't you sleep?! / (Record no. 402383)

MARC details
000 -LEADER
fixed length control field 01578pam a2200457 i 4500
001 - CONTROL NUMBER
control field 2023036977
003 - CONTROL NUMBER IDENTIFIER
control field DLC
005 - DATE AND TIME OF LATEST TRANSACTION
control field 20241210135941.0
008 - FIXED-LENGTH DATA ELEMENTS--GENERAL INFORMATION
fixed length control field 230815r20242022nyua a 000 1 eng
010 ## - LIBRARY OF CONGRESS CONTROL NUMBER
LC control number 2023036977
020 ## - INTERNATIONAL STANDARD BOOK NUMBER
International Standard Book Number 9781339035666
Qualifying information (paperback)
020 ## - INTERNATIONAL STANDARD BOOK NUMBER
International Standard Book Number 9781223244945
040 ## - CATALOGING SOURCE
Original cataloging agency NJQ/DLC
Language of cataloging eng
Description conventions rda
Transcribing agency DLC
Modifying agency IMmBT
042 ## - AUTHENTICATION CODE
Authentication code pcc
-- cyac
050 00 - LIBRARY OF CONGRESS CALL NUMBER
Classification number PZ7.1.W3497
Item number Wh 2024
082 04 - DEWEY DECIMAL CLASSIFICATION NUMBER
Classification number [E]
Edition number 23/eng/20230815
092 ## - LOCALLY ASSIGNED DEWEY CALL NUMBER (OCLC)
Classification number children picture
Item number Wallace
100 1# - MAIN ENTRY--PERSONAL NAME
Personal name Wallace, Adam,
Relator term author.
9 (RLIN) 5722444
245 10 - TITLE STATEMENT
Title Why won't you sleep?! /
Statement of responsibility, etc Adam Wallace ; [illustrated by] Carla Martell.
246 3# - VARYING FORM OF TITLE
Title proper/short title Why will you not sleep?!
246 3# - VARYING FORM OF TITLE
Title proper/short title Why will not you sleep?!
250 ## - EDITION STATEMENT
Edition statement First edition.
264 #1 - Production, Publication, Distribution, Manufacture, and Copyright Notice.
Place of production, publication, distribution, manufacture New York :
Name of producer, publisher, distributor, manufacturer Scholastic Press,
Date of production, publication, distribution, manufacture, or copyr 2024.
264 #4 - Production, Publication, Distribution, Manufacture, and Copyright Notice.
Date of production, publication, distribution, manufacture, or copyr ©2022.
300 ## - PHYSICAL DESCRIPTION
Extent 1 volume (unpaged) :
Other physical details color illustrations ;
Dimensions 25 cm.
336 ## - Content Type
Content type term text
336 ## - Content Type
Content type term still image
337 ## - Media type
Media type term unmediated
338 ## - Carrier type
Carrier type term volume
500 ## - GENERAL NOTE
General note Originally published: Gosford, NSW : Scholastic Australia, 2022.
520 ## - SUMMARY, ETC.
Summary, etc The narrator tries many different tricks to get the reader to fall asleep, but without success.
521 ## - TARGET AUDIENCE NOTE
Target audience note Ages 4-8.
Source Scholastic, Inc.
521 ## - TARGET AUDIENCE NOTE
Target audience note Grades K-1.
Source Scholastic, Inc.
650 #1 - SUBJECT ADDED ENTRY--TOPICAL TERM
Topical term or geographic name as entry element Sleep
Form subdivision Fiction.
9 (RLIN) 5674960
650 #1 - SUBJECT ADDED ENTRY--TOPICAL TERM
Topical term or geographic name as entry element Humorous stories.
650 #1 - SUBJECT ADDED ENTRY--TOPICAL TERM
Topical term or geographic name as entry element Picture books.
655 #7 - INDEX TERM--GENRE/FORM
Genre/form data or focus term Humorous fiction.
Source of term lcgft.
655 #7 - INDEX TERM--GENRE/FORM
Genre/form data or focus term Picture books.
Source of term lcgft.
700 1# - ADDED ENTRY--PERSONAL NAME
Personal name Martell, Carla,
Relator term illustrator.
9 (RLIN) 6497333
942 ## - ADDED ENTRY ELEMENTS (KOHA)
Source of classification or shelving scheme Dewey Decimal Classification
Koha item type BOOK
Holdings
Withdrawn status Lost status Source of classification or shelving scheme Damaged status Not for loan Collection code Home library Current library Shelving location Date acquired Source of acquisition Total Checkouts Total Renewals Full call number Barcode Date last seen Date checked out Cost, replacement price Price effective from Koha item type
    Dewey Decimal Classification     Children Picture Books Wasatch County Library Wasatch County Library Main Floor Childrens Area 12/10/2024 Penworthy 4 2 E Wallace 34301002139790 03/05/2025 02/26/2025 22.96 12/10/2024 BOOK
This project was made possible through a grant from the Institute of Museum and Library Service administered by the Utah State Library Division.

Wasatch County Library

  • 465 East 1200 South, Heber City, Utah 84032
  • Phone 435-654-1511 | Fax 435-654-6456

Hours

  • Monday - Friday 9:30 AM - 8:00 PM
  • Saturday 9:30 AM - 1:30 PM
  • Closed Sundays and Holidays